LDR 00753naa#a2200169#i#450# 001 EN\\bibl\124051 005 20260607134633.7 011 ## _a2073-1574 100 ## _a20260529b2026####ek#y0engy0150####ca 102 ## _aRU 200 1# _aInvestigation of the influence of oil filter characteristics spin-on type on the operating parameters of lubrication systems for high-speed marine internal combustion engines _eJournal article 210 1# _aAstrakhan _cAstrakhan State Technical University _d2026 215 ## _a7 с. 608 ## _aJournal article _2local 675 ## _aчетырехтактные. 621.436.12 _aДизели. Двигатели с воспламенением от сжатия. 621.436 _z 700 #1 _aTerlych _gStanislav Vladimirovich 856 4# _avestnik.astu.org _u